Optimal investment decisions : Rules for action and criteria for choice

This book is introduction to the search for the optimum, understood as the optimum in both quantity and quality. It is an attempt to develop ruless for action and criteria for choice. There will therefor be no cause for surprise if we systematically follow a normative approach at the expense of the...

Volledige beschrijving

Bewaard in:
Bibliografische gegevens
Hoofdauteur: Massé, Pierre
Formaat: Boek
Taal:Undetermined
Gepubliceerd in: Englewood Cliffs, N.J. Prentice-Hall 1962
Onderwerpen:
Tags: Voeg label toe
Geen labels, Wees de eerste die dit record labelt!
Thư viện lưu trữ: Trung tâm Học liệu Trường Đại học Cần Thơ
LEADER 00966nam a2200217Ia 4500
001 CTU_221884
008 210402s9999 xx 000 0 und d
082 |a 658.1 
082 |b M416 
100 |a Massé, Pierre 
245 0 |a Optimal investment decisions : 
245 0 |b Rules for action and criteria for choice 
245 0 |c Pierre Massé ; Translated by Scripta Technica 
260 |a Englewood Cliffs, N.J. 
260 |b Prentice-Hall 
260 |c 1962 
520 |a This book is introduction to the search for the optimum, understood as the optimum in both quantity and quality. It is an attempt to develop ruless for action and criteria for choice. There will therefor be no cause for surprise if we systematically follow a normative approach at the expense of the descriptive. 
650 |a Saving and investment,Tiết kiệm và đầu tư 
904 |i Qhieu 
910 |a Qhieu 
980 |a Trung tâm Học liệu Trường Đại học Cần Thơ